|
|
|
|
| LEADER |
00000nab a2200000 a 4500 |
| 001 |
vtls010258093 |
| 003 |
SK-MaSNL |
| 005 |
20260303081719.0 |
| 008 |
11030227c2008 xo o |||||||||||||||b|sl |
| 015 |
|
|
|a SNBRB2009/04
|
| 035 |
|
|
|a SVKKK000095173
|
| 038 |
|
|
|a SVKKK
|
| 040 |
|
|
|a SVKKK
|b slo
|c SVKKK
|e AACR2
|
| 041 |
0 |
|
|a slo
|
| 044 |
|
|
|a xo
|c SK
|
| 080 |
|
|
|a 284.2
|x (437.6)
|2 1997
|
| 080 |
|
|
|a 929 Géciová, Erika
|2 1997
|
| 100 |
1 |
|
|a Sabová, Zdenka
|4 aut
|9 1085370
|
| 245 |
1 |
0 |
|a Inštalácia zvolenej zborovej duchovnej
|c Zdenka Sabová
|
| 300 |
|
|
|b Obr.
|
| 600 |
1 |
7 |
|a Géciová, Erika
|x duchovná
|z Lúčky (Slovensko)
|y 22. jún 2008
|x inštalácia
|2 snkbucl
|9 1085371
|
| 610 |
2 |
7 |
|a Reformovaná kresťanská cirkev (Lúčky, Slovensko)
|2 snkbucl
|9 1085372
|
| 650 |
0 |
7 |
|a náboženstvo
|2 snkbucl
|9 2023
|
| 655 |
|
7 |
|a biografie
|2 snkbucl
|9 27965
|
| 773 |
0 |
|
|t Kalvínske hlasy
|g Roč. LXXIX, č. 9 (2008), s. 7
|x 1335-3713
|
| 852 |
|
|
|a SVKKK
|b BIB
|
| 958 |
|
|
|a NT
|
| 958 |
|
|
|a BX
|
| 999 |
|
|
|c 1785676
|d 1787606
|